[Event "46th Guernsey Open"]
[Site "?"]
[Date "2022.10.18"]
[Round "3"]
[White "Zheng, Harry Z"]
[Black "Dijksterhuis, Rolf"]
[Result "1-0"]
[WhiteElo "2049"]
[BlackElo "1911"]
[PlyCount "29"]
[EventDate "2022.??.??"]

1. e4 c5 2. Nf3 Nc6 3. d4 cxd4 4. Nxd4 Nf6 5. Nc3 e5 6. Ndb5 d6 7. Bg5 a6 8.
Na3 b5 9. Nd5 Be7 10. Bxf6 Bxf6 11. c4 O-O 12. cxb5 Qa5+ 13. Qd2 Qxd2+ 14. Kxd2
Bg5+ 15. f4 1-0

[Event "46th Guernsey Open"]
[Site "?"]
[Date "2022.10.18"]
[Round "3"]
[White "Kraft, Karl Heinz"]
[Black "Dilleigh, Stephen P"]
[Result "1/2-1/2"]
[WhiteElo "1989"]
[BlackElo "2041"]
[PlyCount "33"]
[EventDate "2022.??.??"]

1. d4 d5 2. Nc3 Nf6 3. Bf4 c5 4. e3 cxd4 5. exd4 a6 6. Nf3 Bg4 7. h3 Bxf3 8.
Qxf3 Nc6 9. O-O-O e6 10. g4 Bd6 11. g5 Bxf4+ 12. Qxf4 Nh5 13. Qg4 g6 14. Bd3
Qd6 15. Ne2 O-O-O 16. c3 Kb8 17. f4 1/2-1/2

[Event "46th Guernsey Open"]
[Site "?"]
[Date "2022.10.18"]
[Round "3"]
[White "Canonne, Antoine"]
[Black "Teeuwen, Jos"]
[Result "0-1"]
[WhiteElo "1853"]
[BlackElo "2029"]
[PlyCount "90"]
[EventDate "2022.??.??"]

1. e4 c5 2. Nc3 e6 3. f4 Nc6 4. Nf3 d5 5. Bb5 Nge7 6. d3 a6 7. Bxc6+ Nxc6 8.
O-O Be7 9. Bd2 O-O 10. Rb1 b5 11. Qe1 Nd4 12. Rc1 Bb7 13. Nxd4 cxd4 14. Nd1
dxe4 15. dxe4 Qd7 16. Nf2 Rac8 17. Nd3 Qc6 18. Bb4 Bxb4 19. Nxb4 Qxe4 20. Qxe4
Bxe4 21. Nxa6 Bxc2 22. Nb4 Be4 23. Rfd1 Rxc1 24. Rxc1 f6 25. Kf2 e5 26. g3 Kf7
27. Rc7+ Ke6 28. Rxg7 Rc8 29. fxe5 fxe5 30. Rg4 Bf5 31. Rh4 Rc4 32. a3 Rc1 33.
g4 Bg6 34. Rh3 e4 35. Rb3 Rh1 36. Kg2 Rd1 37. h4 e3 38. Kf3 Rf1+ 39. Ke2 Rf2+
40. Ke1 Ke5 41. Nc6+ Kd5 42. Ne7+ Ke4 43. Rb4 Rh2 44. h5 Bf7 45. b3 Kd3 0-1

[Event "46th Guernsey Open"]
[Site "?"]
[Date "2022.10.18"]
[Round "3"]
[White "Hewson, Brian WR"]
[Black "Dennis, Nigel W"]
[Result "1-0"]
[WhiteElo "2028"]
[BlackElo "1852"]
[PlyCount "119"]
[EventDate "2022.??.??"]

1. d4 Nf6 2. c4 g6 3. Nc3 Bg7 4. e4 d6 5. Be2 O-O 6. Be3 e5 7. dxe5 dxe5 8.
Qxd8 Rxd8 9. Bg5 c6 10. Nf3 Re8 11. O-O Bg4 12. Rad1 Na6 13. Be3 Nc7 14. h3
Bxf3 15. Bxf3 b6 16. g4 Red8 17. g5 Nfe8 18. Bg4 Nd6 19. b3 f5 20. gxf6 Bxf6
21. Rd2 Nf7 22. Bd7 Ng5 23. Kg2 c5 24. Rfd1 Nge6 25. Nd5 Bh4 26. Bc6 Rab8 27.
Nxc7 Nxc7 28. Bd7 Kg7 29. f4 Bf6 30. Kf3 Rf8 31. f5 Rbd8 32. Ke2 g5 33. a4 h6
34. a5 Be7 35. Rg1 Kf6 36. Ra1 Ra8 37. Kf3 Rfd8 38. Rg1 Rg8 39. Bc6 Rad8 40.
axb6 axb6 41. Rgd1 Rxd2 42. Rxd2 Rd8 43. h4 Rxd2 44. Bxd2 Kg7 45. Bc3 Kf6 46.
hxg5+ hxg5 47. Kg4 Bf8 48. Kh5 Na6 49. Bd2 Nb4 50. Bxg5+ Kg7 51. Bd7 Kf7 52.
Be6+ Ke8 53. f6 Kd8 54. Kg6 Kc7 55. Kf7 Bd6 56. Ke8 Nc6 57. f7 Nd4 58. Bd8+ Kb8
59. Bd5 Kc8 60. Be7 1-0

[Event "46th Guernsey Open"]
[Site "?"]
[Date "2022.10.18"]
[Round "3"]
[White "Van Hoek, Wim"]
[Black "Thurlow, Kevin J"]
[Result "0-1"]
[WhiteElo "1843"]
[BlackElo "2019"]
[PlyCount "48"]
[EventDate "2022.??.??"]

1. e4 c5 2. Nf3 e6 3. c3 Nc6 4. d4 d5 5. e5 Bd7 6. Be2 cxd4 7. cxd4 Bb4+ 8. Nc3
Nge7 9. Bg5 h6 10. Bxe7 Bxe7 11. O-O a6 12. a3 b5 13. b4 Qb6 14. Qd2 f5 15.
exf6 Bxf6 16. Ne5 Nxe5 17. dxe5 Bxe5 18. Bh5+ Ke7 19. Nxd5+ exd5 20. Qxd5 Qe6
21. Qxe6+ Bxe6 22. Rae1 Kf6 23. f4 Bd4+ 24. Kh1 Bf7 0-1

[Event "46th Guernsey Open"]
[Site "?"]
[Date "2022.10.18"]
[Round "3"]
[White "Schroeder, Gerhard"]
[Black "Deepak, Ambattu Rithvik"]
[Result "1-0"]
[WhiteElo "2017"]
[BlackElo "1523"]
[PlyCount "107"]
[EventDate "2022.??.??"]

1. Nf3 Nf6 2. c4 g6 3. g3 Bg7 4. Bg2 c6 5. O-O O-O 6. Nc3 d5 7. cxd5 cxd5 8. d4
Nc6 9. Ne5 Bf5 10. b3 Rc8 11. Bb2 a6 12. Nxc6 Rxc6 13. f3 Qa5 14. e4 dxe4 15.
fxe4 Bg4 16. Qe1 e5 17. dxe5 Qxe5 18. Na4 Qb8 19. e5 Re6 20. Nc5 Re7 21. Qb4
Nh5 22. Qxg4 Bxe5 23. Bxe5 Qxe5 24. Nxb7 Qe3+ 25. Kh1 Qb6 26. Rae1 Rxb7 27.
Bxb7 Qxb7+ 28. Qf3 Qb4 29. Re4 Qd2 30. Ra4 Qd6 31. Rd1 Qe6 32. Qd3 Qc6+ 33. Qd5
Qb6 34. Kg2 Nf6 35. Qf3 Kg7 36. Rad4 Qa5 37. R1d2 Re8 38. h3 Re6 39. Rf2 Qe5
40. Rf4 Qe1 41. g4 Qe5 42. b4 Nd5 43. Rxf7+ Kh6 44. h4 Ne3+ 45. Kh3 g5 46. Qf6+
Rxf6 47. R2xf6+ Qxf6 48. Rxf6+ Kg7 49. Rxa6 gxh4 50. b5 Nd5 51. Rd6 Nf4+ 52.
Kxh4 Ng6+ 53. Rxg6+ hxg6 54. Kg5 1-0

[Event "46th Guernsey Open"]
[Site "?"]
[Date "2022.10.18"]
[Round "3"]
[White "Page, Mark E"]
[Black "Eedle, Eric F"]
[Result "1/2-1/2"]
[WhiteElo "2095"]
[BlackElo "1667"]
[PlyCount "71"]
[EventDate "2022.??.??"]

1. e4 c5 2. Nf3 Nc6 3. Bb5 g6 4. O-O Bg7 5. Re1 e5 6. b4 cxb4 7. a3 Nge7 8.
axb4 O-O 9. Nc3 d6 10. Rb1 h6 11. Bxc6 bxc6 12. d4 Bg4 13. dxe5 Bxe5 14. Qd3
Bxf3 15. Qxf3 g5 16. Bb2 Ng6 17. Ne2 Bxb2 18. Rxb2 Ne5 19. Qb3 a5 20. Ng3 Rb8
21. Qa4 Qf6 22. Rbb1 axb4 23. Rxb4 Rxb4 24. Qxb4 Rd8 25. Rd1 d5 26. Qb6 Nc4 27.
Qc7 Qd6 28. Qa7 Qa3 29. Qd4 Qb2 30. c3 Qb6 31. Nf5 Qxd4 32. Rxd4 Kh7 33. h3 Rd7
34. Kf1 Nb6 35. exd5 Rxd5 36. Rxd5 1/2-1/2

[Event "46th Guernsey Open"]
[Site "?"]
[Date "2022.10.18"]
[Round "3"]
[White "Ingham, H William"]
[Black "Gant, Chris J"]
[Result "0-1"]
[WhiteElo "1831"]
[BlackElo "2091"]
[PlyCount "28"]
[EventDate "2022.??.??"]

1. d4 Nf6 2. Bf4 c5 3. c3 g6 4. e3 Bg7 5. Nf3 O-O 6. Be2 d6 7. h3 Nc6 8. Nbd2
cxd4 9. cxd4 e5 10. dxe5 dxe5 11. Bg5 e4 12. Nh2 Qa5 13. Bxf6 Bxf6 14. O-O Rd8
0-1

[Event "46th Guernsey Open"]
[Site "?"]
[Date "2022.10.18"]
[Round "3"]
[White "Curtis, John E"]
[Black "Brookfield, Toby"]
[Result "1/2-1/2"]
[WhiteElo "2046"]
[BlackElo "1816"]
[PlyCount "55"]
[EventDate "2022.??.??"]

1. d4 Nf6 2. Nf3 d5 3. e3 c5 4. c4 cxd4 5. exd4 g6 6. Nc3 Bg7 7. Qb3 O-O 8. Bg5
dxc4 9. Qxc4 Nbd7 10. Be2 Nb6 11. Qd3 Bf5 12. Qd2 Rc8 13. O-O Nc4 14. Bxc4 Rxc4
15. Qe2 Rc7 16. h3 a6 17. Rfe1 Nd5 18. Qd2 Be6 19. Rac1 Nxc3 20. bxc3 b5 21.
Bf4 Rc8 22. Ne5 Qd5 23. Nd3 a5 24. Nc5 Rc6 25. Nxe6 Rxe6 26. Rxe6 Qxe6 27. Re1
Qd7 28. Re5 1/2-1/2

[Event "46th Guernsey Open"]
[Site "?"]
[Date "2022.10.18"]
[Round "3"]
[White "Downey, Keith"]
[Black "Waddington, Mike P"]
[Result "0-1"]
[WhiteElo "1808"]
[BlackElo "2027"]
[PlyCount "132"]
[EventDate "2022.??.??"]

1. d4 Nf6 2. Nf3 c5 3. c4 g6 4. Nc3 cxd4 5. Nxd4 Bg7 6. e4 Nc6 7. Be3 O-O 8.
Be2 d6 9. O-O Nxd4 10. Bxd4 a5 11. Rc1 Bd7 12. f3 Bc6 13. b3 Rc8 14. Qd2 Nd7
15. Bxg7 Kxg7 16. Qd4+ Kg8 17. Rfd1 Qb6 18. Kf1 Qxd4 19. Rxd4 Nc5 20. Rcd1 f5
21. exf5 Rxf5 22. Bd3 Re5 23. Bc2 Re3 24. Nd5 Bxd5 25. Rxd5 Rf8 26. Kf2 Re6 27.
Re1 Rxe1 28. Kxe1 Kf7 29. a3 Ra8 30. Ke2 Ra6 31. Kd2 e6 32. Rd4 e5 33. Rd5 Ne6
34. g3 Nd4 35. Bd1 Ke6 36. a4 b6 37. Kc3 Ra8 38. Kd2 Rf8 39. Ke3 g5 40. Ke4 h6
41. Ke3 Kd7 42. Ke4 Kc6 43. Ke3 Rf6 44. Ke4 h5 45. Ke3 h4 46. g4 Rf4 47. Kf2
Ne6 48. Ke3 Nc5 49. Rd2 Kd7 50. Rd5 Ne6 51. Rd2 Nd4 52. Rd3 Kc6 53. Kd2 Kc5 54.
Kc3 Rf7 55. Re3 e4 56. fxe4 Rf1 57. Rd3 Ne6 58. Rd2 Nf4 59. Kc2 h3 60. Kc3 Re1
61. Kc2 Rxe4 62. Bf3 Re3 63. Bb7 Re1 64. Kc3 Rc1+ 65. Kb2 Rg1 66. Kc3 Rxg4 0-1

[Event "46th Guernsey Open"]
[Site "?"]
[Date "2022.10.18"]
[Round "3"]
[White "Fegan, Chris"]
[Black "Dubois, Claude"]
[Result "1-0"]
[WhiteElo "2013"]
[BlackElo "1807"]
[PlyCount "109"]
[EventDate "2022.??.??"]

1. d4 Nf6 2. Nc3 g6 3. e4 d6 4. f4 Bg7 5. Nf3 O-O 6. Bd3 Bg4 7. h3 Bxf3 8. Qxf3
Nc6 9. Be3 Re8 10. e5 dxe5 11. fxe5 Nd7 12. O-O Rf8 13. Bc4 e6 14. Rad1 Nb6 15.
Bb3 Na5 16. Ne4 Nxb3 17. axb3 h6 18. Nf6+ Kh8 19. Qxb7 Nd5 20. Nxd5 Qxd5 21.
Qxd5 exd5 22. Ra1 Kg8 23. Ra5 Rfd8 24. Rfa1 Kf8 25. Rxa7 Rxa7 26. Rxa7 Rc8 27.
b4 Ke8 28. b3 h5 29. Ra5 c6 30. Ra7 Bf8 31. c3 Be7 32. Kf2 Kd8 33. Kf3 Rc7 34.
Rxc7 Kxc7 35. Bh6 Kd7 36. Kf4 Bh4 37. g3 Be7 38. Bg5 Bf8 39. g4 hxg4 40. hxg4
Ke6 41. Ke3 Kd7 42. Kd3 Kc7 43. Bd2 Kb6 44. c4 Kb7 45. Kc3 Be7 46. Bh6 Bh4 47.
Bf8 Kc8 48. b5 Kb7 49. Kb4 Be1+ 50. Kc5 dxc4 51. bxc6+ Kc7 52. Bd6+ Kc8 53.
Kxc4 Bh4 54. b4 Bf2 55. b5 1-0

[Event "46th Guernsey Open"]
[Site "?"]
[Date "2022.10.18"]
[Round "3"]
[White "Plug, Arjan"]
[Black "Heppell, Ian N"]
[Result "1/2-1/2"]
[WhiteElo "1795"]
[BlackElo "1999"]
[PlyCount "46"]
[EventDate "2022.??.??"]

1. e4 e5 2. f4 d5 3. exd5 c6 4. Nc3 exf4 5. Nf3 Bd6 6. d4 Ne7 7. Bc4 O-O 8. O-O
Bg4 9. dxc6 Nbxc6 10. Ne4 Bc7 11. c3 Ng6 12. Be2 Re8 13. Nf2 Bf5 14. Bd3 Qf6
15. Bxf5 Qxf5 16. Qd3 Qh5 17. Bd2 Rad8 18. Rae1 Nce5 19. Nxe5 Nxe5 20. Qh3 Qxh3
21. Nxh3 Nd3 22. Rxe8+ Rxe8 23. Bxf4 Bxf4 1/2-1/2

[Event "46th Guernsey Open"]
[Site "?"]
[Date "2022.10.18"]
[Round "3"]
[White "Santos, Joao Artur Almeida"]
[Black "Agustsson, Hafsteinn"]
[Result "1-0"]
[WhiteElo "1954"]
[BlackElo "1776"]
[PlyCount "59"]
[EventDate "2022.??.??"]

1. e4 c5 2. Nf3 Nc6 3. d4 cxd4 4. Nxd4 Nf6 5. Nc3 e5 6. Ndb5 d6 7. Nd5 Nxd5 8.
exd5 Nb8 9. c4 Be7 10. Be2 O-O 11. O-O Nd7 12. Kh1 a6 13. Nc3 f5 14. f4 Bf6 15.
Be3 b6 16. Rc1 Bb7 17. b4 Rc8 18. Qb3 exf4 19. Bxf4 Be5 20. Bxe5 Nxe5 21. Na4
Kh8 22. Qe3 Nd7 23. Bd3 g6 24. c5 dxc5 25. bxc5 Bxd5 26. Bxa6 Ra8 27. Bb5 bxc5
28. Rfd1 Rb8 29. Bxd7 Qxd7 30. Qe5+ 1-0

[Event "46th Guernsey Open"]
[Site "?"]
[Date "2022.10.18"]
[Round "3"]
[White "Vernon, Guy"]
[Black "De Dreu, Dies"]
[Result "1-0"]
[WhiteElo "1766"]
[BlackElo "1924"]
[PlyCount "85"]
[EventDate "2022.??.??"]

1. e4 e5 2. Nf3 Nc6 3. Nc3 Bc5 4. Nxe5 Nxe5 5. d4 Bd6 6. dxe5 Bxe5 7. Qd3 Nf6
8. Bg5 h6 9. Bh4 O-O 10. O-O-O Bxc3 11. bxc3 Qe7 12. Qd4 g5 13. e5 Nh7 14. Bg3
Re8 15. h4 Qa3+ 16. Kb1 Re6 17. Bc4 Rb6+ 18. Bb3 a5 19. e6 fxe6 20. Bxc7 Rc6
21. Bd6 Rxd6 22. Qxd6 Qxd6 23. Rxd6 Nf6 24. f3 b5 25. a4 Rb8 26. axb5 Rxb5 27.
Kc1 Kf7 28. hxg5 hxg5 29. Rh8 Rc5 30. Kb2 Kg7 31. Rh1 Kf7 32. Rb6 Ke7 33. c4
Kf7 34. Rb5 Rc7 35. Rxa5 Kg6 36. Re1 g4 37. Re3 Kf7 38. fxg4 Nxg4 39. Rf3+ Ke7
40. Rg5 Nh6 41. g4 Bb7 42. Rg7+ Ke8 43. Rf6 1-0

[Event "46th Guernsey Open"]
[Site "?"]
[Date "2022.10.18"]
[Round "3"]
[White "Strade, Arita"]
[Black "Stanners, Michael J"]
[Result "1-0"]
[WhiteElo "1918"]
[BlackElo "1751"]
[PlyCount "137"]
[EventDate "2022.??.??"]

1. e4 c5 2. Nf3 d6 3. d4 cxd4 4. Nxd4 Nf6 5. Nc3 a6 6. Be2 e6 7. O-O Be7 8. Be3
O-O 9. a4 b6 10. Bf3 Ra7 11. a5 Nfd7 12. Na4 Rb7 13. Nxb6 Nxb6 14. axb6 Rxb6
15. Nb3 Rb7 16. c3 Nd7 17. Qc2 Rb8 18. Be2 Ra8 19. Ra5 Qc7 20. Rfa1 Nb8 21. Nd2
Bb7 22. Nc4 Nd7 23. f3 Rfe8 24. Bf2 Rec8 25. Bg3 Qc6 26. R5a2 Re8 27. Na5 Qc7
28. Nxb7 Qxb7 29. Bxa6 Qc7 30. Bb5 Rxa2 31. Rxa2 Qc5+ 32. Bf2 Qxb5 33. c4 Qc6
34. Ra7 Nf6 35. b4 d5 36. e5 Nd7 37. b5 Qc8 38. b6 Nb8 39. c5 Bf8 40. Rc7 Qa6
41. h4 Rc8 42. Qb2 g6 43. Ra7 Qc4 44. b7 Re8 45. Qb6 d4 46. Ra5 d3 47. Ra1 d2
48. Rd1 Qc2 49. Qb1 Qxb1 50. Rxb1 Rd8 51. Rd1 Kg7 52. Be3 f6 53. exf6+ Kf7 54.
g4 e5 55. g5 Rd3 56. Kf2 Rd5 57. Ke2 Ke6 58. Bxd2 Bxc5 59. Rb1 Kd7 60. f4 e4
61. Be3 Ke6 62. Bxc5 Rxc5 63. Ke3 Kf5 64. f7 Rc3+ 65. Ke2 Nc6 66. f8=Q+ Kg4 67.
Qc8+ Kg3 68. Rg1+ Kh2 69. Qxc6 1-0

[Event "46th Guernsey Open"]
[Site "?"]
[Date "2022.10.18"]
[Round "3"]
[White "Rutten, David"]
[Black "Goris, Ton"]
[Result "0-1"]
[WhiteElo "1750"]
[BlackElo "1897"]
[PlyCount "84"]
[EventDate "2022.??.??"]

1. d4 e6 2. Nf3 c5 3. e3 Nf6 4. Bd3 d5 5. b3 Nc6 6. O-O Bd6 7. Bb2 O-O 8. Nbd2
Qe7 9. Ne5 cxd4 10. exd4 Ba3 11. Qc1 Bxb2 12. Qxb2 Bd7 13. f4 Qd8 14. c3 Qc7
15. Rf3 Rac8 16. Kh1 a6 17. Rg1 Ne8 18. Rh3 f5 19. Bb1 Nf6 20. Rc1 Nxd4 21. c4
Nc6 22. cxd5 Nxd5 23. Rf3 Qd8 24. Ndc4 Nxe5 25. fxe5 Nb6 26. Nd6 Rxc1+ 27. Qxc1
Bc6 28. Rg3 Qh4 29. Nxb7 Bxb7 30. Qc7 Qh6 31. Qxb6 Qc1+ 32. Qg1 Rc8 33. Bd3 Qb2
34. Re3 Rc1 35. Bf1 Rc2 36. Rd3 Bd5 37. Rd1 Qxa2 38. Qb6 Qxb3 39. Qxa6 Ra2 40.
Qc8+ Kf7 41. Qd7+ Kg6 42. Rd3 Qxd3 0-1

[Event "46th Guernsey Open"]
[Site "?"]
[Date "2022.10.18"]
[Round "3"]
[White "Morgan, Jamie"]
[Black "Hill, Andy"]
[Result "0-1"]
[WhiteElo "1741"]
[BlackElo "1896"]
[PlyCount "64"]
[EventDate "2022.??.??"]

1. e4 e6 2. d4 d5 3. exd5 exd5 4. Nf3 Nc6 5. Bb5 Bd6 6. c4 a6 7. Bxc6+ bxc6 8.
c5 Be7 9. O-O Bg4 10. Nbd2 Bf6 11. h3 Be6 12. Re1 a5 13. Nf1 h6 14. Ng3 g6 15.
Bf4 Ne7 16. Qd2 Bg7 17. Re3 Kf8 18. Ra3 g5 19. Be5 f6 20. Nh5 fxe5 21. Nxe5
Bxe5 22. dxe5 Nf5 23. g4 Nh4 24. f4 gxf4 25. Qxf4+ Ke7 26. Nf6 Ng6 27. Qg3 Rf8
28. Rf1 Rf7 29. Raf3 Qb8 30. b3 Qb4 31. Rc1 Qd4+ 32. Kh2 Qd2+ 0-1

[Event "46th Guernsey Open"]
[Site "?"]
[Date "2022.10.18"]
[Round "3"]
[White "Fryer, David W"]
[Black "Owen, Garth I"]
[Result "1-0"]
[WhiteElo "1876"]
[BlackElo "1740"]
[PlyCount "57"]
[EventDate "2022.??.??"]

1. e4 c5 2. Nf3 d6 3. d4 cxd4 4. Nxd4 Nf6 5. Nc3 a6 6. Rg1 e5 7. Nb3 h5 8. Bg5
Be7 9. Bxf6 Bxf6 10. Bc4 Be6 11. Bxe6 fxe6 12. Qd3 Nc6 13. O-O-O Ke7 14. Kb1 g5
15. g3 b5 16. Ne2 Qc7 17. f4 exf4 18. gxf4 g4 19. Nbd4 Rac8 20. c3 e5 21. Nf5+
Kf8 22. Qxd6+ Kf7 23. Qd5+ Kg6 24. Nd6 Rcd8 25. fxe5 Bxe5 26. Qe6+ Kh7 27. Nf7
Rxd1+ 28. Rxd1 Rf8 29. Rd7 1-0

[Event "46th Guernsey Open"]
[Site "?"]
[Date "2022.10.18"]
[Round "3"]
[White "Norman, Dinah M"]
[Black "Sedgwick, David R"]
[Result "1-0"]
[WhiteElo "1692"]
[BlackElo "1874"]
[PlyCount "147"]
[EventDate "2022.??.??"]

1. d4 d5 2. Nf3 c5 3. c3 Nc6 4. e3 Bf5 5. Nbd2 e6 6. dxc5 Bxc5 7. Nb3 Bb6 8.
Nbd4 Bg6 9. Nxc6 bxc6 10. Ne5 Ne7 11. Nxg6 Nxg6 12. Qa4 Qd6 13. Be2 O-O 14. Bd2
c5 15. O-O-O c4 16. h4 Ne5 17. Qc2 Rfc8 18. h5 d4 19. exd4 Nd3+ 20. Bxd3 cxd3
21. Qxd3 Qxd4 22. Qxd4 Bxd4 23. f3 Bf6 24. Kc2 Rab8 25. Rhe1 h6 26. Re4 Rb5 27.
g4 Rcb8 28. b3 Ra5 29. a4 Rd5 30. c4 Rd7 31. f4 Rbd8 32. Ree1 Bh4 33. Rf1 Bg3
34. Be3 e5 35. fxe5 a6 36. Rxd7 Rxd7 37. Rd1 Re7 38. Bd4 Bxe5 39. Bc5 Re6 40.
b4 Bf4 41. Kd3 g6 42. hxg6 fxg6 43. Rf1 Bc7 44. Rf8+ Kg7 45. Rc8 Be5 46. b5
axb5 47. axb5 Bf4 48. b6 Re1 49. Bd4+ Kf7 50. c5 Ke7 51. Rg8 g5 52. Rh8 Re6 53.
b7 Kd7 54. b8=Q Bxb8 55. Rxb8 h5 56. gxh5 Rh6 57. Rg8 Rxh5 58. Be3 Kc6 59. Rg6+
Kd5 60. c6 Rh7 61. Bb6 Rh3+ 62. Ke2 Rh8 63. c7 g4 64. Rxg4 Kc6 65. Rg6+ Kb7 66.
Ba5 Ra8 67. Rg5 Re8+ 68. Kd3 Ra8 69. Kc4 Rc8 70. Rb5+ Ka7 71. Kc5 Ka8 72. Kc6
Ka7 73. Bb6+ Ka6 74. Ra5# 1-0

[Event "46th Guernsey Open"]
[Site "?"]
[Date "2022.10.18"]
[Round "3"]
[White "Jongerius, Marc"]
[Black "Giulian, Rosemary A"]
[Result "1/2-1/2"]
[WhiteElo "1669"]
[BlackElo "1868"]
[PlyCount "92"]
[EventDate "2022.??.??"]

1. e4 e6 2. d4 d5 3. Nc3 dxe4 4. Nxe4 Nd7 5. Nf3 Ngf6 6. Bd3 c5 7. Nxf6+ Nxf6
8. Be3 Nd5 9. O-O Nxe3 10. fxe3 Bd6 11. Bb5+ Bd7 12. Bxd7+ Qxd7 13. dxc5 Bxc5
14. Qxd7+ Kxd7 15. Ne5+ Ke8 16. Nxf7 Rf8 17. Ne5 Bxe3+ 18. Kh1 Ke7 19. g3 Rad8
20. Nd3 Rc8 21. Rxf8 Rxf8 22. Re1 Bb6 23. Nf4 Kd7 24. Re2 Rf6 25. Kg2 Bc7 26.
Nd3 Bd6 27. c4 b6 28. b4 Kc6 29. a3 h6 30. b5+ Kc7 31. a4 Kd7 32. Rf2 e5 33.
Rxf6 gxf6 34. g4 Ke6 35. Kf3 f5 36. gxf5+ Kxf5 37. Nf2 h5 38. Ne4 Bc7 39. h3
Ke6 40. Kg3 Bd8 41. Kf3 Be7 42. Ke3 h4 43. Kf3 Kf5 44. Ke3 Bb4 45. Kf3 Be7 46.
Ke3 Bb4 1/2-1/2

[Event "46th Guernsey Open"]
[Site "?"]
[Date "2022.10.18"]
[Round "3"]
[White "Collins, Alan"]
[Black "Forbes, Garry"]
[Result "0-1"]
[WhiteElo "1606"]
[BlackElo "1859"]
[PlyCount "66"]
[EventDate "2022.??.??"]

1. f4 d5 2. Nf3 Bg4 3. e3 Nd7 4. Be2 Ngf6 5. h3 Bxf3 6. Bxf3 e5 7. O-O c6 8. d4
e4 9. Be2 Bd6 10. c4 O-O 11. Nc3 dxc4 12. Bxc4 b5 13. Bb3 b4 14. Na4 c5 15. Qe2
a5 16. dxc5 Nxc5 17. Nxc5 Bxc5 18. Bd2 Qe7 19. Rfc1 Qa7 20. Kf2 Rfd8 21. Rc4
Rd6 22. Rac1 Rad8 23. Be1 Bb6 24. Rc8 g6 25. Rxd8+ Rxd8 26. Rd1 Rxd1 27. Bxd1
Nd5 28. Qc4 Nxe3 29. Qc8+ Kg7 30. Ba4 Nc2+ 31. Kf1 Nxe1 32. Kxe1 Bf2+ 33. Kf1
Qe3 0-1

[Event "46th Guernsey Open"]
[Site "?"]
[Date "2022.10.18"]
[Round "3"]
[White "Phillips, Owen S"]
[Black "Kirk, Matthew"]
[Result "1-0"]
[WhiteElo "1851"]
[BlackElo "1738"]
[PlyCount "105"]
[EventDate "2022.??.??"]

1. e4 c6 2. c4 d5 3. exd5 cxd5 4. cxd5 Nf6 5. Nc3 Nxd5 6. d4 e6 7. Nf3 Nc6 8.
a3 a6 9. Bd3 Be7 10. O-O Nf6 11. b4 O-O 12. Bb2 b5 13. Re1 Bb7 14. Rc1 Rc8 15.
Bb1 Qb6 16. Ne4 Nxe4 17. Rxe4 Bf6 18. Rf4 Ne7 19. Ne5 Rxc1 20. Bxc1 Ng6 21. Nd7
Qc6 22. Nxf6+ gxf6 23. Be4 Qc7 24. Bxg6 fxg6 25. Rg4 Rc8 26. Bf4 Qc3 27. Rg3
Qc4 28. h4 e5 29. Be3 exd4 30. Qxd4 Qxd4 31. Bxd4 Rc1+ 32. Kh2 Kf7 33. Re3 Rc4
34. Bc5 Rxh4+ 35. Kg3 Re4 36. Rd3 Ke6 37. f3 Re2 38. Rd6+ Kf5 39. Rd7 Bc6 40.
Ra7 h5 41. Rxa6 Bd5 42. Bd4 Re6 43. Ra5 Bc4 44. a4 g5 45. axb5 h4+ 46. Kh2 Kf4
47. b6 Re8 48. Bxf6 Ke3 49. Bxg5+ Kd4 50. Bxh4 Bd5 51. Bg3 Rh8+ 52. Kg1 Rg8 53.
Rxd5+ 1-0

[Event "46th Guernsey Open"]
[Site "?"]
[Date "2022.10.18"]
[Round "3"]
[White "Hoogakker, Peter"]
[Black "Goris Schouwstra, Adry"]
[Result "1-0"]
[WhiteElo "1846"]
[BlackElo "1695"]
[PlyCount "59"]
[EventDate "2022.??.??"]

1. e4 e6 2. d4 d5 3. exd5 exd5 4. Bd3 Bd6 5. Nf3 Ne7 6. O-O Bg4 7. Re1 O-O 8.
Bxh7+ Kh8 9. Bd3 Nd7 10. c4 dxc4 11. Bxc4 Nb6 12. Bb3 Ned5 13. Qd3 Re8 14. Ne5
Bxe5 15. dxe5 Be6 16. Bc2 g6 17. Qg3 Qe7 18. Bg5 Qf8 19. Nc3 Qg7 20. Ne4 Nd7
21. f4 Qh7 22. Rad1 Qh5 23. Rd3 c6 24. Bd1 Qh7 25. Bg4 Bf5 26. Bxf5 gxf5 27.
Nd6 Rg8 28. Qf2 Rxg5 29. fxg5 Kg8 30. Rh3 1-0

[Event "46th Guernsey Open"]
[Site "?"]
[Date "2022.10.18"]
[Round "3"]
[White "Rogers, Bernard"]
[Black "Finch, Russell J"]
[Result "1-0"]
[WhiteElo "1842"]
[BlackElo "1613"]
[PlyCount "89"]
[EventDate "2022.??.??"]

1. e4 e5 2. Nf3 Nc6 3. Bb5 a6 4. Ba4 Nf6 5. O-O Be7 6. Re1 b5 7. Bb3 d6 8. h3
O-O 9. c3 Na5 10. Bc2 c5 11. d3 Qc7 12. Bg5 Bd7 13. Nbd2 Rfc8 14. Nf1 Be6 15.
Ne3 g6 16. a3 Nh5 17. Bxe7 Qxe7 18. d4 cxd4 19. cxd4 f6 20. Rc1 Rc7 21. dxe5
dxe5 22. Nd5 Qd7 23. Nxc7 Qxc7 24. b4 Nc4 25. Bb3 Rd8 26. Qc2 Qc8 27. Bxc4 bxc4
28. Nd2 Nf4 29. Re3 Rd4 30. Nf3 Rd3 31. Ne1 Rd4 32. Kh2 Qd7 33. Nf3 Rd3 34.
Rxd3 Nxd3 35. Rf1 Nf4 36. Rd1 Nd3 37. Kg1 Qc8 38. Qc3 Bxh3 39. gxh3 Nf4 40. Kf1
Qxh3+ 41. Ke1 Ng2+ 42. Ke2 Qg4 43. Qxc4+ Kg7 44. Qc7+ Kh6 45. Rh1+ 1-0

[Event "46th Guernsey Open"]
[Site "?"]
[Date "2022.10.18"]
[Round "3"]
[White "Nevska, Gerda"]
[Black "Pang, Ethan"]
[Result "0-1"]
[WhiteElo "1841"]
[BlackElo "1467"]
[PlyCount "106"]
[EventDate "2022.??.??"]

1. c4 c6 2. Nc3 d5 3. d4 Nf6 4. Nf3 dxc4 5. e4 b5 6. Ne5 e6 7. a3 Be7 8. Bf4
Bb7 9. Be3 Nbd7 10. Qf3 Qc7 11. Bf4 Bd6 12. Nxd7 Nxd7 13. e5 Be7 14. Qg4 g6 15.
Rd1 h5 16. Qg3 O-O-O 17. h4 Qa5 18. Be2 c5 19. O-O cxd4 20. Rxd4 Nb6 21. Rxd8+
Rxd8 22. Rc1 Kb8 23. Be3 Nd5 24. Nxd5 Bxd5 25. Qf4 Rf8 26. Bf3 Qd8 27. Rd1 Qd7
28. Bxd5 exd5 29. e6+ Qc7 30. Bxa7+ Kc8 31. Qxc7+ Kxc7 32. exf7 Kc6 33. Re1
Rxf7 34. Re6+ Kb7 35. Be3 Bxh4 36. Rb6+ Kc7 37. Rxb5 Rd7 38. Bd4 Bd8 39. Ra5
Kb7 40. Ra7+ Kc6 41. Ra6+ Kb7 42. Rxg6 Bc7 43. g3 Re7 44. Rg5 Re1+ 45. Kg2 Rd1
46. Bc3 d4 47. Bb4 Rb1 48. Rb5+ Bb6 49. Rxh5 Rxb2 50. Rh1 d3 51. Rf1 Rxb4 52.
axb4 c3 53. Kf3 c2 0-1

[Event "46th Guernsey Open"]
[Site "?"]
[Date "2022.10.18"]
[Round "3"]
[White "Murray, J Stephen"]
[Black "Boudkeev, Timour"]
[Result "1/2-1/2"]
[WhiteElo "1671"]
[BlackElo "1839"]
[PlyCount "35"]
[EventDate "2022.??.??"]

1. e4 c6 2. d4 d5 3. exd5 cxd5 4. Bd3 Nf6 5. h3 Nc6 6. c3 g6 7. Nf3 Bg7 8. Bf4
O-O 9. O-O Re8 10. Re1 Nd7 11. Nbd2 e5 12. dxe5 Ndxe5 13. Nxe5 Nxe5 14. Bxe5
Bxe5 15. Nf3 Bg7 16. Nd4 Bxd4 17. Rxe8+ Qxe8 18. cxd4 1/2-1/2

[Event "46th Guernsey Open"]
[Site "?"]
[Date "2022.10.18"]
[Round "3"]
[White "Gravett, Alan D"]
[Black "Glover, John"]
[Result "1-0"]
[WhiteElo "1829"]
[BlackElo "1678"]
[PlyCount "41"]
[EventDate "2022.??.??"]

1. g3 c6 2. Nf3 Nf6 3. c4 g6 4. Bg2 Bg7 5. O-O O-O 6. Nc3 Na6 7. d4 Nc7 8. e4
d6 9. h3 Nd7 10. Rb1 Nb6 11. b3 Qd7 12. Qc2 Rd8 13. c5 dxc5 14. dxc5 Qd3 15.
Qxd3 Rxd3 16. cxb6 axb6 17. Na4 Ra6 18. Be3 Na8 19. Rfd1 Rxd1+ 20. Rxd1 Be6 21.
Rd8+ 1-0

[Event "46th Guernsey Open"]
[Site "?"]
[Date "2022.10.18"]
[Round "3"]
[White "Simons, Sebastiaan"]
[Black "Frijling, Jeroen"]
[Result "1-0"]
[WhiteElo "1771"]
[BlackElo "1669"]
[PlyCount "77"]
[EventDate "2022.??.??"]

1. e4 c5 2. Nf3 Nc6 3. d4 cxd4 4. Nxd4 e5 5. Nb5 d6 6. c4 Be7 7. N1c3 a6 8. Na3
f5 9. exf5 Bxf5 10. Bd3 Be6 11. Nc2 Nf6 12. Ne3 O-O 13. O-O Nd4 14. Ned5 Nxd5
15. Nxd5 Bxd5 16. cxd5 Bg5 17. Qh5 h6 18. Bxg5 Qxg5 19. Qxg5 hxg5 20. h3 Rac8
21. Rac1 Kf7 22. f3 Kf6 23. Kf2 Nf5 24. Bxf5 Kxf5 25. Ke3 Rc5 26. Rxc5 dxc5 27.
a4 b5 28. axb5 axb5 29. Ra1 Kf6 30. Ra6+ Ke7 31. Re6+ Kd7 32. Rxe5 Kd6 33. Rxg5
Rc8 34. Kd3 c4+ 35. Kd4 b4 36. Rg6+ Kd7 37. Rc6 c3 38. bxc3 b3 39. Rxc8 1-0